Contestación a los cargos hechos a la Dirección de Obras Públicas por Pedro Miranda en la exposición que ha publicado sobre contratas de carreteras. (Record no. 154233)

MARC details
000 -LEADER
campo de control de longitud fija 00961nam a22002295i 4500
001 - NÚMERO DE CONTROL
campo de control 154233
003 - IDENTIFICADOR DE NÚMERO DE CONTROL
campo de control ES-MaACL
005 - FECHA Y HORA DE LA ÚLTIMA TRANSACCIÓN
campo de control 20230906205559.0
008 - DATOS DE LONGITUD FIJA--INFORMACIÓN GENERAL
campo de control de longitud fija 040914s1849 sp |||| | spa d
080 ## - NÚMERO DE LA CLASIFICACIÓN DECIMAL UNIVERSAL
Número de la Clasificación Decimal Universal 62 Miranda, Pedro
080 ## - NÚMERO DE LA CLASIFICACIÓN DECIMAL UNIVERSAL
Número de la Clasificación Decimal Universal 625.7:351.712.2(460)
100 1# - ENTRADA PRINCIPAL--NOMBRE DE PERSONA
Nombre de persona García Otero, José.
9 (RLIN) 127216
245 10 - MENCIÓN DEL TÍTULO
Título Contestación a los cargos hechos a la Dirección de Obras Públicas por Pedro Miranda en la exposición que ha publicado sobre contratas de carreteras.
260 ## - PUBLICACIÓN, DISTRIBUCIÓN, ETC.
Lugar de publicación, distribución, etc. Madrid :
Nombre del editor, distribuidor, etc. [s.n.],
Fecha de publicación, distribución, etc. 1849 (
Fabricante Imp. de La Publicidad a cargo de M. Rivadeneyra)
300 ## - DESCRIPCIÓN FÍSICA
Extensión 13 p. ;
Dimensiones 21 cm.
594 ## - Nota al título y mención de responsabilidad
Nota al título y mención de responsabilidad Firma el texto José García Otero.
600 14 - PUNTO DE ACCESO ADICIONAL DE MATERIA--NOMBRE DE PERSONA
Nombre de persona Miranda, Pedro.
9 (RLIN) 129976
650 #4 - PUNTO DE ACCESO ADICIONAL DE MATERIA--TÉRMINO DE MATERIA
Término de materia o nombre geográfico como elemento de entrada Contratos de obras públicas.
9 (RLIN) 175869
650 #4 - PUNTO DE ACCESO ADICIONAL DE MATERIA--TÉRMINO DE MATERIA
Término de materia o nombre geográfico como elemento de entrada Carreteras-
Subdivisión geográfica España.
9 (RLIN) 156236
710 1# - ENTRADA AGREGADA--NOMBRE DE ENTIDAD CORPORATIVA
Nombre de entidad corporativa o nombre de jurisdicción como elemento de entrada España.
Unidad subordinada Dirección General de Obras Públicas.
9 (RLIN) 3763
852 4# - LOCALIZACIÓN
Ubicación ES-MaACL
Número de control de estantería T-34-F-4
Nota libre - Enc. hol., falto de cub. original
-- - Enc. en un vol. facticio
Holdings
Estatus retirado Estado de pérdida Estado de daño No para préstamo Colección Biblioteca de origen Biblioteca actual Ubicación en estantería Fecha de adquisición Total de préstamos Signatura topográfica completa Código de barras Visto por última vez Precio de reemplazo Tipo de ítem Koha
        Colección de folletos Biblioteca del Ateneo de Madrid Biblioteca del Ateneo de Madrid Depósito folletos 17/01/2008   T-34-F-4 1161279 23/02/2023 23/02/2023 Folleto